| 000 | 00462nam a22001697a 4500 | ||
|---|---|---|---|
| 999 |
_c3474 _d3474 |
||
| 008 | 200616b ||||| |||| 00| 0 eng d | ||
| 020 | _a4833700905 | ||
| 082 | 0 | 0 |
_a621.3815 _bS449 |
| 100 |
_92862 _aSedra, A. S. |
||
| 245 | 1 | 0 |
_aMicroelectronic circuits / _cby A. S Sedra and K. C. Smith |
| 250 | _a1st ed. | ||
| 260 |
_aNew York _bHolt-Saunders _c1982 |
||
| 300 | _axiii, 927 p. | ||
| 650 | 0 | _aElectronic Circuits | |
| 700 |
_92864 _aSmith, K. C. |
||
| 942 | _cBK | ||